| 000 | 00822nac a22002051u 4500 | ||
|---|---|---|---|
| 010 | _a 93003311 | ||
| 020 | _a0201526867 | ||
| 082 | 0 | 0 |
_a620.3 _bR2151 |
| 090 |
_c4540 _d4540 |
||
| 100 | _aRao, Singiresu S. | ||
| 245 | 1 | 0 |
_aMechanical vibrations / _cSingiresu S. Rao. |
| 250 | _a3rd ed. | ||
| 260 |
_aReading, Mass. : _bAddison-Wesley, _c1995. |
||
| 300 |
_axxvi, 912 p. : _bill. ; _c24 cm. + _e1 computer disk (3 1/2 in.) |
||
| 504 | _aIncludes bibliographical references and index. | ||
| 538 | _aSystem requirements for accompanying computer disk: program disk for IBM PC and compatibles | ||
| 650 | 0 | _aVibration. | |
| 942 |
_cBB _k620.3R2151 |
||
| 999 |
_c4540 _d4540 |
||